Understanding data : principles and practice of statistics /

This book is about: Exploring univariate data; Exploring change-time series; Exploring relationships-bivariate data; Exploring categorical data; ...

Wedi'i Gadw mewn:
Manylion Llyfryddiaeth
Prif Awdur: Griffiths, David.
Awduron Eraill: Stirling, W. Douglas., Weldon, K. Laurence.
Fformat: Llyfr
Iaith:English
Cyhoeddwyd: Brisbane : John Wiley & Sons, 1998.
Pynciau:
Tagiau: Ychwanegu Tag
Dim Tagiau, Byddwch y cyntaf i dagio'r cofnod hwn!
Thư viện lưu trữ: Mạng thư viện Đại học Đà Nẵng
LEADER 01081cam a2200349 i 4500
001 000049087
003 8816
005 20051111142428.0
008 010324b1998 vm 000 eng
020 |a 047133734X 
040 |a IRC  |c IRC  |d IRC 
041 0 |a eng 
082 1 4 |a 519.5  |b GR-D 
100 1 |a Griffiths, David. 
245 0 0 |a Understanding data :  |b principles and practice of statistics /  |c David Griffiths, W. Douglas Stirling, K. Laurence Weldon. 
260 |a Brisbane :  |b John Wiley & Sons,  |c 1998. 
300 |a xiv, 401 p. ;  |c 24.5cm. 
520 3 |a This book is about: Exploring univariate data; Exploring change-time series; Exploring relationships-bivariate data; Exploring categorical data; ... 
630 0 4 |a Statistics. 
650 0 4 |a Statistics. 
700 1 |a Stirling, W. Douglas. 
700 1 |a Weldon, K. Laurence. 
OWN |a DUT 
999 |a From the UDN01 
TYP |a Monograph 
TYP |a Printed language 
980 |a Mạng thư viện Đại học Đà Nẵng